[Event "Catalunya-chB"]
[Site "Spain"]
[Date "1996.11.17"]
[Round "7"]
[White "Olle Castillo, Salomon"]
[Black "Coll Domenech, Josep"]
[Result "1-0"]
[WhiteElo "1950"]
[BlackElo "2000"]
[PlyCount "71"]
[EventDate "1997.??.??"]
[EventType "swiss"]
[EventRounds "8"]
[EventCountry "ESP"]
[SourceTitle "EXT 2003"]
[Source "ChessBase"]
[SourceDate "2002.11.25"]
[SourceVersion "1"]
[SourceVersionDate "2002.11.25"]
[SourceQuality "1"]

1. e4 c5 2. Nc3 e6 3. g3 b6 4. Bg2 Bb7 5. f4 Ne7 6. Nf3 d5 7. exd5 exd5 8. d4 g6 9. Ne2 Bg7 10. c3 0-0 11. 0-0 Nd7 12. Be3 Nf5 13. Bf2 Re8 14. Ne5 Rc8 15. g4 Nxe5 16. gxf5 Ng4 17. fxg6 fxg6 18. dxc5 Nxf2 19. Rxf2 bxc5 20. Ng3 Kh8 21. Rd2 Qb6 22. Qb3 c4+ 23. Qxb6 axb6 24. Bxd5 Rcd8 25. Rad1 Bxd5 26. Rxd5 Rxd5 27. Rxd5 Bh6 28. f5 Re1+ 29. Kf2 Rb1 30. Rb5 Bf8 31. fxg6 hxg6 32. Ne4 Rh1 33. Kg2 Re1 34. Kf3 Rh1 35. Nd2 Rxh2 36. Nxc4 1-0

[Event "Catalunya-chB"]
[Site "Spain"]
[Date "1996.10.20"]
[Round "3"]
[White "Olle Castillo, Salomon"]
[Black "Pascual Iglesias, Ferran"]
[Result "0-1"]
[WhiteElo "1950"]
[BlackElo "1995"]
[PlyCount "92"]
[EventDate "1997.??.??"]
[EventType "swiss"]
[EventRounds "8"]
[EventCountry "ESP"]
[SourceTitle "EXT 2003"]
[Source "ChessBase"]
[SourceDate "2002.11.25"]
[SourceVersion "1"]
[SourceVersionDate "2002.11.25"]
[SourceQuality "1"]

1. e4 c5 2. Nc3 d6 3. g3 Nc6 4. Bg2 Nf6 5. f4 g6 6. Nf3 Bg7 7. d3 a6 8. 0-0 Bg4 9. Ne2 Qd7 10. c3 h5 11. Be3 Bh3 12. Ng5 Bxg2 13. Kxg2 h4 14. Qb3 Nd8 15. Rh1 Ng4 16. Bf2 Bf6 17. Nf3 Ne6 18. Nxh4 Bxh4 19. gxh4 Nxf2 20. Kxf2 Rxh4 21. Kf3 Nxf4 22. Rag1 Nxd3 23. Ke3 d5 24. exd5 b5 25. Rg5 c4 26. Qc2 Qa7+ 27. Nd4 0-0-0 28. Qg2 f6 29. Rxg6 Nf4 30. Qe4 Nxg6 31. Qxg6 Rxd5 32. Qe8+ Rd8 33. Qc6+ Kb8 34. Ke2 Qb7 35. a3 Rd6 36. Qxb7+ Kxb7 37. Kf3 e5 38. Kg3 Rf4 39. h4 f5 40. Nf3 Rg6+ 41. Ng5 Rg4+ 42. Kf3 e4+ 43. Ke3 Rh6 44. Rf1 Rhxh4 45. Rxf5 Rg3+ 46. Kf2 Rd3 0-1